000 00412nam a22001577a 4500
003 MACL
005 20150610121239.0
008 150610b xxu||||| |||| 00| 0 eng d
040 _cMACL
082 _a001
100 _aSingh, Wg. Cdr .P.
_9171
245 _aNational Defence Academy & Naval Academy Entrance Exa.
260 _aNew Delhi
_bUnique Publishers
_c2013
650 _aG.K.
_9116
942 _2ddc
_cBK
_k001
999 _c49811
_d49811